| 000 | 01461cab a2200241 4500 | ||
|---|---|---|---|
| 001 | ABS59341 | ||
| 008 | 090401t1998 xxu||||| |||| 00| 0 eng d | ||
| 035 | _a(Sirsi) u88836 | ||
| 041 | _aeng | ||
| 245 | _aHillingdon LBC v Guinea Enterprises Ltd | ||
| 260 | _c1998 | ||
| 350 | _a0 | ||
| 490 |
_aProperty and Compensation Reports _v[1998] 76 P&CR 338-345(8) |
||
| 520 | _a"Hillingdon LBC v Guinea Enterprises Ltd" QBD 24 June 1996. The plaintiff council applied for a final injunction under the Town and Country Planning Act 1990 s187B against 16 defendents in order to restrain unauthorised landfilling and aggregate reprocessing on land within the green belt. The land had been purchased by an off-shore company but the legal estate had reverted to the vendor in default of registration. The judge had to decide whether to grant the injunction and if so, against which defendents and unidentified persons. He also considered whether other land within the borough should be included. Held; allowing the application. The injunction bound any person controlling, administering, financing, holding shares in or otherwise subscribing to or connected with the defendant companies. | ||
| 650 | _aAGGREGATES | ||
| 650 | _aHILLINGDON LBC V GUINEA ENTERPRISES LTD | ||
| 650 | _aINJUNCTION | ||
| 650 | _aLANDFILL | ||
| 650 | _aTOWN AND COUNTRY PLANNING ACT 1990 | ||
| 690 | _aPLANNING LAW AND PRACTICE-CASE LAW | ||
| 942 | _n0 | ||
| 948 | _c06/10/1998 | ||
| 999 |
_c56175 _d56175 |
||